| 000 | 004660000a22001690004500 | ||
|---|---|---|---|
| 090 |
_aAR _b02642 |
||
| 245 | 1 | 0 | _aOn the geographical distribution of Artic bryophytes |
| 650 | 1 | 4 |
_aFlora _992293 |
| 650 | 1 | 4 |
_aBotánica _9361 |
| 650 | 1 | 4 |
_aBriofitas _993843 |
| 650 | 1 | 4 |
_aFitogeografía _992958 |
| 651 | 4 |
_pArtico _992749 |
|
| 041 | 0 | _aInglés | |
| 100 | 1 |
_aCampbell Steere, William _996142 |
|
| 942 | _cARTICULO | ||
| 773 | 1 |
_tBiological Research _3148 _q29-47 _d1953 _g11 |
|
| 999 |
_c11704 _d11704 |
||